书目信息 |
| 题名: |
面试高分实战
|
|
| 作者: | ;粉笔教师 编著 | |
| 分册: | 小学语文 | |
| 出版信息: | 北京 电子工业出版社 2019.12 |
|
| 页数: | 232页 | |
| 开本: | 26cm | |
| 丛书名: | ||
| 单 册: | ||
| 中图分类: | G451.1 , G623.202 | |
| 科图分类: | ||
| 主题词: | 教师--资格考试--自学参考资料 , 小学语文课--教学法--资格考试--自学参考资料 | |
| 电子资源: | ||
| ISBN: | 978-7-121-38204-8 | |
| 000 | 00903nam0 2200265 45 | |
| 001 | 012001000678 | |
| 005 | 20140819110612.0 | |
| 010 | @a978-7-121-38204-8@dCNY59.00 | |
| 100 | @a20210414d2019 em y0chiy0110 ea | |
| 101 | 0 | @achi |
| 102 | @aCN@b110000 | |
| 105 | @aa z 000yy | |
| 106 | @ar | |
| 200 | 1 | @a面试高分实战@Amian shi gao fen shi zhan@i小学语文@f粉笔教师编著 |
| 210 | @a北京@c电子工业出版社@d2019.12 | |
| 215 | @a232页@c图@d26cm | |
| 300 | @a国家教师资格面试专用教材 | |
| 330 | @a本书内容为全国教师资格面试小学语文学科知识及常识,包括资格面试的流程、结构化内容、教案撰写、阅读课试讲、文言文试讲、答辩、经验谈等。 | |
| 606 | 0 | @a教师@x资格考试@j自学参考资料 |
| 606 | 0 | @a小学语文课@x教学法@x资格考试@j自学参考资料 |
| 690 | @aG451.1@v5 | |
| 690 | @aG623.202@v5 | |
| 711 | 02 | @a粉笔教师@Afen bi jiao shi@4编著 |
| 801 | @aCN@bAHXH@c20210922 | |
| 905 | @b1359726-30@dG451.1@e495@f5 | |
| 面试高分实战.小学语文/粉笔教师编著.-北京:电子工业出版社,2019.12 |
| 232页:图;26cm |
| 国家教师资格面试专用教材 |
| ISBN 978-7-121-38204-8:CNY59.00 |
| 本书内容为全国教师资格面试小学语文学科知识及常识,包括资格面试的流程、结构化内容、教案撰写、阅读课试讲、文言文试讲、答辩、经验谈等。 |
| ● |
| 相关链接 |
|
|
|
|
正题名:面试高分实战
索取号:G451.1/495
 
预约/预借
| 序号 | 登录号 | 条形码 | 馆藏地/架位号 | 状态 | 备注 |
| 1 | 1359726 | 213597268 | 第一样本阅览室/ [索取号:G451.1/495] | 在馆 | |
| 2 | 1359727 | 213597277 | 教育系资料室/ [索取号:G451.1/495] | 在馆 | |
| 3 | 1359728 | 213597286 | 教育系资料室/ [索取号:G451.1/495] | 在馆 | |
| 4 | 1359729 | 213597295 | 第四借阅区/ [索取号:G451.1/495] | 在馆 | |
| 5 | 1359730 | 213597302 | 第四借阅区/ [索取号:G451.1/495] | 在馆 |